Europäische religiöse Persönlichkeiten - Statistiken

Allgemein
  • Dieses Quiz wurde 154 mal gespielt
  • Das Durchschnittsergebnis liegt bei 5 aus 16
Antwortstatistiken
Bildquiz Hint Antwort % Korrekt
Deutschland / Urheber der Reformation / 1483-1546 Martin Luther
98%
Deutschland / Papst / 1927-2022 Benedikt XVI.
92%
Polen / Papst mit der zweitlängsten Amtszeit / 1920-2005 Johannes Paul II.
81%
Deutschland / Benediktinerin, Mystikerin, Kirchenlehrerin, Universalgelehrte / 1098-1179 Hildegard von Bingen
46%
Frankreich / Reformator / 1509-1564 Johannes Calvin
42%
Schweiz / Reformator / 1484-1531 Huldrych Zwingli
41%
Italien / Am längsten regierender Papst, 1. Vatikanisches Konzil / 1792-1878 Pius IX.
37%
Frankreich / Papst, rief zum 1. Kreuzzug auf / um 1035-1099 Urban II.
34%
Italien / Mönch und Ordensgründer / um 1181-1226 Franz von Assisi
31%
Spanien / Priester, Mitbegründer des Jesuitenordens / 1491-1556 Ignatius von Loyola
9%
Spanien / Muslimischer Universalgelehrter, Wegbereiter des Säkularismus / 1126-1198 Averroes
7%
Spanien / Karmelitin, Mystikerin, Kirchenlehrerin / 1515-1582 Teresa von Ávila
6%
Spanien / Missionar in Asien, Mitbegründer des Jesuitenordens /1506-1552 Franz Xaver
4%
Spanien / Rabbi, Mischne Tora / 1138-1204 Maimonides
3%
Deutschland / Bischof, Kirchenvater / 339-397 Ambrosius von Mailand
1%
Ungarn / Bischof, bekannter Heiliger / 316-397 Martin von Tours
1%
Keine übereinstimmenden Quizze gefunden
Verteilung der Resultate
Anzahl Personen mit jedem Resultat
Perzentil nach korrekt beantworteten Fragen
Ihre Resultats-Entwicklung
Sie haben dieses Quiz noch nicht gespielt